|
|
|
|
| LEADER |
00748cam a2200169 7i4500 |
| 001 |
0000033049 |
| 005 |
20160107090000.0 |
| 090 |
0 |
0 |
|a M 381.1025
|b MAL
|
| 110 |
2 |
0 |
|a Malaysia External Trade Development Corporation (MATRADE)
|
| 245 |
2 |
0 |
|a INTRADE Malaysia 2015 & Malaysia Fashion Week :
|b exhibition directory (4 - 5 November 2015 : Menara MATRADE, Kuala Lumpur).
|
| 260 |
0 |
0 |
|a Kuala Lumpur:
|b MATRADE,
|c 2015.
|
| 300 |
# |
# |
|a 78 pages.
|
| 650 |
0 |
0 |
|a Exhibition --
|x Directories --
|y 2015 --
|z Malaysia
|
| 650 |
0 |
0 |
|a INTRADE --
|x Exhibitions --
|y 2015 --
|z Malaysia
|
| 650 |
0 |
0 |
|a Business --
|x Directories --
|y 2015 --
|z Malaysia
|
| 650 |
0 |
0 |
|a Fashion --
|x Directories --
|y 2015 --
|z Malaysia
|
| 999 |
|
|
|a 0000037132
|b Directories
|c Malaysia
|e Business Information Centre
|